000 00780nam a2200229Ii 4500
003 JO-AjNU
008 230605s9999||||xx |||||||||||||| ||und||
017 _a1990/2099
020 _a977-373-118-9
040 _aJO-AjNU
_bara
_erda
_cJO-AjNU
041 _aara
050 1 4 _aBF713.Z333.1999
100 3 _aزهران،حامد عبد السلام ,
_eauthor
_929126
245 0 0 _aعلم نفس النمو :الطفولة والمراهقة
250 _aط5
264 3 1 _aالقاهرة:عالم الكتب للنشر والتوزيع والطباعة، 1999
300 _a528ص
336 _atext
_btxt
_2rdacontent
337 _aunmediated
_bn
_2rdamedia
338 _avolume
_bnc
_2rdacarrier
650 4 _aالاطفال-علم النفس-علم نفس النمو
_929127
999 _aA11383
_c14951
_d14951